Physical geology / (Record no. 547659)
[ view plain ]
| 000 -LEADER | |
|---|---|
| fixed length control field | 00669cam a2200205 a 4500 |
| 020 ## - INTERNATIONAL STANDARD BOOK NUMBER | |
| International Standard Book Number | 007252815X (acidfree paper) |
| 082 00 - DEWEY DECIMAL CLASSIFICATION NUMBER | |
| Classification number | 550 |
| Author Mark | PLU |
| 100 1# - MAIN ENTRY--PERSONAL NAME | |
| Personal name | Plummer, Charles C., |
| 9 (RLIN) | 43802 |
| 245 10 - TITLE STATEMENT | |
| Title | Physical geology / |
| Statement of responsibility, etc. | Charles C. Plummer, David McGeary. |
| 250 ## - EDITION STATEMENT | |
| Edition statement | 10th ed. / |
| 260 ## - PUBLICATION, DISTRIBUTION, ETC. | |
| Place of publication, distribution, etc. | Boston : |
| Name of publisher, distributor, etc. | McGraw-Hill, |
| Date of publication, distribution, etc. | c2005. |
| 300 ## - PHYSICAL DESCRIPTION | |
| Extent | xix, 580 p. : |
| Other physical details | ill. (some col.) ; |
| Dimensions | 29 cm. |
| 500 ## - GENERAL NOTE | |
| General note | Includes index. |
| 526 ## - STUDY PROGRAM INFORMATION NOTE | |
| Program name | 0 |
| Interest level | 0 |
| Reading level | 0 |
| Title point value | 550_000000000000000_PLU |
| 650 #0 - SUBJECT ADDED ENTRY--TOPICAL TERM | |
| Topical term or geographic name entry element | Physical geology. |
| 9 (RLIN) | 38587 |
| 700 1# - ADDED ENTRY--PERSONAL NAME | |
| Personal name | Carlson, Diane H. |
| 9 (RLIN) | 43803 |
| 700 1# - ADDED ENTRY--PERSONAL NAME | |
| Personal name | McGeary, David. |
| 9 (RLIN) | 43804 |
| 856 41 - ELECTRONIC LOCATION AND ACCESS | |
| Uniform Resource Identifier | <a href="http://www.loc.gov/catdir/toc/ecip049/2003020861.html">http://www.loc.gov/catdir/toc/ecip049/2003020861.html</a> |
| 942 ## - ADDED ENTRY ELEMENTS (KOHA) | |
| Source of classification or shelving scheme | |
| Koha item type | Book |
| Withdrawn status | Lost status | Source of classification or shelving scheme | Damaged status | Not for loan | Permanent Location | Current Location | Date acquired | Total Checkouts | Total Renewals | Full call number | Barcode | Date last seen | Date last checked out | Price effective from | Koha item type |
|---|---|---|---|---|---|---|---|---|---|---|---|---|---|---|---|
| Military College of Engineering (MCE) | Military College of Engineering (MCE) | 07/25/2014 | 10 | 1 | 550 PLU | MCE-39733 | 07/09/2019 | 07/09/2019 | 07/25/2014 | Book |
